Canadian Trivia 2 Quiz Stats

 Plays Quiz not verified by Sporcle

Also try: Sweetheart Sayings
Challenge
Share
Tweet
Embed
Score 0/24 Timer 06:00
0 Plays Today
Hint Answer % Correct
Famous female French Canadian singerCeline Dion
91.6%
Mountain range stretching from
northern British Columbia to New Mexico, USA
Rocky Mountains
91.1%
Largest city in SaskatchewanSaskatoon
85.2%
Ran across the country with a prosthetic leg
in support of cancer research
Terry Fox
82.8%
Outspoken host of 'Coach's Corner' on
'Hockey Night in Canada'
Don Cherry
82.5%
Only officially bilingual provinceNew Brunswick
78.5%
National sport in the summerLacrosse
78.4%
Large festival, exhibition and rodeo held in Calgary every summerCalgary Stampede
77.4%
Highway system that spans from coast to coastTrans-Canada Highway
74.2%
Trophy awarded to the winner of the
Canadian Football League
Grey Cup
74%
Largest islandBaffin Island
70.5%
Oldest commercial corporation in North America, with divisions such as
'Zellers' and 'Home Outfitters'
Hudson's Bay Company
68.1%
Hint Answer % Correct
Celebrated racing ship now a symbol
of Nova Scotia
Bluenose
60.2%
Manufacturer of regional aircraft
and mass transportation equipment,
initially making snowmobiles
Bombardier Inc.
58%
Physical education professor
who invented basketball
James Naismith
51.5%
Premier considered the 'Father of Medicare'Tommy Douglas
51.3%
Year the 'loonie' was introduced1987
50.6%
Estimated population as of 2009
(rounded to nearest million)
34,000,000
49.8%
The national motto
'A Mari Usque Ad Mare' means...
From Sea to Sea
47.5%
British General Wolfe defeated
French commander Montcalm here in 1759
Plains of Abraham
46.2%
Co-discoverer of insulinSir Frederick Banting
42.2%
The Act that established the
Dominion of Canada in 1867
British North America Act
36.7%
Actor who is the grandson of the
'Father of Medicare'; father is also an actor
Kiefer Sutherland
35.6%
Term used during the Great Depression to describe a car pulled by a horse; named after then prime minister R. B. BennettBennett Buggy
29.4%

You're not logged in!

Compare scores with friends on all Sporcle quizzes.
OR
Log In

You Might Also Like...

Show Comments

Extras

Created Oct 2, 2009SourceReportNominate
Tags:Canada Quiz, place

Top Quizzes Today


Score Distribution

Your Account Isn't Verified!

In order to create a playlist on Sporcle, you need to verify the email address you used during registration. Go to your Sporcle Settings to finish the process.

Report this User

Report this user for behavior that violates our Community Guidelines.

Details: